Riconosci lo Stato - Quiz n°168 - Statistics

Statistiche generali
  • Questo quiz è stato fatto 18 volte
  • Il punteggio medio è 9 su 13
Statistiche sulle risposte
Indizio Risposta % Corretto
Re Carlo III Governatore generale: David Vunagi
88%
Valuta Dollaro
88%
Superficie 28 450 km²
82%
Indipendenza dal Regno Unito, 7 luglio 1978
82%
Iniziale della Capitale H
82%
Popolazione 686.878 ab.
76%
Fuso Orario UTC+11
71%
PIL (nominale) 997 milioni di $
65%
Primo ministro Manasseh Sogavare
65%
Forma di Governo Monarchia parlamentare (Reame del Commonwealth)
65%
ISU 0,510
59%
Tasso di crescita 2,17%
59%
Risposta Isole Salomone
59%
Nessun quiz corrispondente trovato
Distribuzione punteggi
Percentuale di utenti per punteggio
Percentile per numero di risposta
I tuoi punteggi nel tempo
Non hai fatto questo quiz